<?xml version="1.0" encoding="UTF-8"?>
<record
    xmlns:xsi="http://www.w3.org/2001/XMLSchema-instance"
    xsi:schemaLocation="http://www.loc.gov/MARC21/slim http://www.loc.gov/standards/marcxml/schema/MARC21slim.xsd"
    xmlns="http://www.loc.gov/MARC21/slim">

  <leader>00716nam a22002171a 4500</leader>
  <controlfield tag="003">OSt</controlfield>
  <controlfield tag="005">20240223110108.0</controlfield>
  <controlfield tag="008">180215t2014    pk     g      000 d urd d</controlfield>
  <datafield tag="020" ind1=" " ind2=" ">
    <subfield code="a">9789693519983</subfield>
    <subfield code="c">Rs. 500.00</subfield>
  </datafield>
  <datafield tag="020" ind1=" " ind2=" ">
    <subfield code="a">9693519981</subfield>
    <subfield code="c">Rs. 500.00</subfield>
  </datafield>
  <datafield tag="040" ind1=" " ind2=" ">
    <subfield code="c">0</subfield>
  </datafield>
  <datafield tag="082" ind1=" " ind2=" ">
    <subfield code="a">891.4392</subfield>
    <subfield code="b">BAN 2014</subfield>
  </datafield>
  <datafield tag="100" ind1="0" ind2=" ">
    <subfield code="a">&#x628;&#x627;&#x646;&#x648;&#x642;&#x62F;&#x633;&#x6CC;&#x6C1;</subfield>
    <subfield code="9">121226</subfield>
  </datafield>
  <datafield tag="245" ind1="1" ind2="0">
    <subfield code="a">&#x686;&#x6BE;&#x648;&#x679;&#x627;&#x634;&#x6C1;&#x631;&#x628;&#x691;&#x6D2;&#x644;&#x648;&#x6AF;</subfield>
    <subfield code="b"> &#x688;&#x631;&#x627;&#x645;&#x6D2;</subfield>
    <subfield code="c">Bano Qudsia</subfield>
  </datafield>
  <datafield tag="246" ind1=" " ind2=" ">
    <subfield code="a">Chutta shehar bary log</subfield>
    <subfield code="b">Drama</subfield>
  </datafield>
  <datafield tag="260" ind1=" " ind2=" ">
    <subfield code="a">Lahore:</subfield>
    <subfield code="b">Sang e Meel Pub;</subfield>
    <subfield code="c">2004.</subfield>
  </datafield>
  <datafield tag="300" ind1=" " ind2=" ">
    <subfield code="a">360 p.</subfield>
  </datafield>
  <datafield tag="650" ind1=" " ind2=" ">
    <subfield code="a">Urdu literature</subfield>
    <subfield code="v">Dramas.</subfield>
    <subfield code="9">121227</subfield>
  </datafield>
  <datafield tag="942" ind1=" " ind2=" ">
    <subfield code="2">ddc</subfield>
    <subfield code="c">BK</subfield>
    <subfield code="a">SADA</subfield>
    <subfield code="k">891.4392 BAN 2014</subfield>
  </datafield>
  <datafield tag="999" ind1=" " ind2=" ">
    <subfield code="c">608082</subfield>
    <subfield code="d">608082</subfield>
  </datafield>
  <datafield tag="952" ind1=" " ind2=" ">
    <subfield code="0">0</subfield>
    <subfield code="1">0</subfield>
    <subfield code="2">ddc</subfield>
    <subfield code="4">0</subfield>
    <subfield code="7">0</subfield>
    <subfield code="a">SADA</subfield>
    <subfield code="b">SADA</subfield>
    <subfield code="d">2018-02-09</subfield>
    <subfield code="e">Donation</subfield>
    <subfield code="l">0</subfield>
    <subfield code="o">891.4392 BAN 2014</subfield>
    <subfield code="p">SADAD0000206</subfield>
    <subfield code="r">2024-02-23</subfield>
    <subfield code="v">350.00</subfield>
    <subfield code="w">2024-02-23</subfield>
    <subfield code="y">BK</subfield>
  </datafield>
</record>
